Super Smash Bros. Fighters #21E - The Lucina Quiz - Statistics

General Stats
  • This quiz has been taken 149 times
  • The average score is 6 of 15
Answer Stats
Hint Answer % Correct
Who does Lucina pretend to be? Marth
96%
Who is Lucina's father? Chrom
90%
What is the name of Lucina’s sword? Parallel Falchion
64%
What is Lucina’s starting class? Lord
61%
What kingdom is Lucina the princess of? Ylisse
50%
Who is Lucina’s cousin? Owain
45%
Lucina’s birthday, April 20th, is the release date of this Fire Emblem game: Fire Emblem: Shadow Dragon & the Blade of Light
44%
What is the name of the brand found on Lucina’s left eye? Brand of the {Exalt}
41%
Who voices Lucina? Laura Bailey
22%
Lucina is a playable character in this fighting game (that isn’t Smash): Project X Zone 2
19%
Summon Lucina using her amiibo in this non-Fire Emblem game: Code Name S.T.E.A.M.
17%
An armour set based on Lucina is found in this Capcom MMORPG: Monster Hunter: Frontier G
16%
Name a variant of Lucina found in Fire Emblem: Heroes: Future Witness, Spring Exalt…
8%
Unlock the Warrior Skirt with a Lucina amiibo in this stylish 3DS game: Style Savvy: Fashion Forward
8%
What is the name of the bow Lucina occasionally uses? Nidhogg
4%
No matching quizzes found
Score Distribution
Percent of People with Each Score
Percentile by Number Answered
Your Score History
You have not taken this quiz